000 00907cam a22003137a 4500
003 CHAP
005 20220329135342.0
008 971013s1972 r 00010 d
010 _a34888
011 _a35860
035 _a39977
040 _cCHAP
082 _a960
_bO5 1972
100 0 0 _aOliver, Roland.
_983098
245 1 2 _aA short history of Africa
250 _a4 ed.
260 _aMiddlesex, England :
_bPenguin book,
_c1972
300 _a301 p.
_b: ilus. ; mapas
490 0 _aPenguin books
_v; AP2
590 _aBATCH-UPD
_b10
_c20130110
_lUCH01
_h0206
590 _aBATCH-UPD
_b10
_c20130110
_lUCH01
_h2303
590 _aCONVERSION
_b10
_c20130109
_lUCH01
_h1320
650 1 4 _aAfrica
_xHistoria.
_91038
700 0 _aFage, J. D.
_939315
830 0 _aPenguin books
_v; AP2
_986673
901 _aBK
942 _cLIBRO
949 _a960 O5 1972
_bBC
_cLIBRO
_d33724000267894
_eLIBRO
_h38297
_i39977
_si
999 _c34888
_d34888